Statistics for All Tennis ATP Masters 1000 Winners of 2018

Click here to take the quiz!

General Stats

  • This quiz has been taken 66 times
  • The average score is 8 of 9

Answer Stats

TournamentPlayer% Correct
CincinnatiNovak Djokovic
100%
ShanghaiNovak Djokovic
100%
Monte-CarloRafael Nadal
100%
RomeRafael Nadal
100%
Rogers CupRafael Nadal
100%
MadridAlexander Zverev
84%
Indian WellsJuan Martin del Potro
73%
MiamiJohn Isner
71%
ParisKaren Khachanov
53%

Score Distribution

Percentile by Number Answered

Percent of People with Each Score

Your Score History

You have not taken this quiz